[Event "Xtracon Open 2019"]
[Site "Helsingor"]
[Date "2019.07.27"]
[Round "9.17"]
[White "Ernst, Michael"]
[Black "Buttkus, Andre"]
[Result "1/2-1/2"]
[WhiteElo "2190"]
[BlackElo "2024"]
[Annotator "NA"]
[PlyCount "99"]
[EventDate "2019.07.19"]
[EventType "swiss"]
[EventCountry "DEN"]
[SourceTitle "playchess.com"]
[Source "ChessBase"]
[SourceQuality "1"]

1. d4 Nf6 2. Bf4 d5 3. e3 c5 4. c3 Nc6 5. Nd2 e6 6. Ngf3 cxd4 7. exd4 Nh5 8. Bg3 Be7 9. Bd3 f5 10. Be5 Nxe5 11. Nxe5 g6 12. Bb5+ Kf8 13. Be2 Nf4 14. g3 Nxe2 15. Qxe2 Kg7 16. O-O Qc7 17. Rfe1 Bf6 18. Kg2 a5 19. a4 Ra6 20. Ra3 Rd6 21. Rb3 Rhd8 22. Nb1 Rb6 23. Rxb6 Qxb6 24. Na3 Qb3 25. Qb5 Qxb5 26. Nxb5 Bxe5 27. dxe5 Bd7 28. Nd4 Kf7 29. b3 Rc8 30. Re3 Rc5 31. Kf1 Rc8 32. Ke1 Be8 33. Kd2 Bd7 34. h3 h5 35. h4 Rc7 36. Ke2 Rc8 37. Kf3 Rb8 38. Ke2 Rc8 39. Kd2 Rg8 40. Re1 Rc8 41. Rg1 Rh8 42. Kc1 Rc8 43. Kb2 Rg8 44. Ne2 Rc8 45. f3 Rh8 46. Ka3 Ra8 47. g4 hxg4 48. fxg4 Rh8 49. gxf5 exf5 50. Nf4 1/2-1/2

[Event "Xtracon Open 2019"]
[Site "Helsingor"]
[Date "2019.07.27"]
[Round "9.17"]
[White "Arndt, Uwe"]
[Black "Gregor, Bjarke"]
[Result "1/2-1/2"]
[WhiteElo "1922"]
[BlackElo "2064"]
[Annotator "NA"]
[PlyCount "91"]
[EventDate "2019.07.19"]
[EventType "swiss"]
[EventCountry "DEN"]
[SourceTitle "playchess.com"]
[Source "ChessBase"]
[SourceQuality "1"]

1. d4 Nf6 2. c4 e6 3. Nf3 b6 4. g3 Ba6 5. Qa4 Bb7 6. Bg2 c5 7. dxc5 Bxc5 8. Nc3 O-O 9. O-O Be7 10. Qc2 d6 11. Rd1 a6 12. b3 Qc7 13. e4 Nbd7 14. Nd4 Rac8 15. Ba3 b5 16. Ndxb5 axb5 17. Nxb5 Qb8 18. Bxd6 Bxd6 19. Nxd6 Rc7 20. Nxb7 Rxb7 21. e5 Nxe5 22. f4 Neg4 23. Rd3 Qa7+ 24. c5 Rc7 25. b4 Nd7 26. Rc3 Rb8 27. h3 Rxb4 28. hxg4 Rxc5 29. Qf2 Rb2 30. Qd4 Rb4 31. Qe3 Qc7 32. Rxc5 Qxc5 33. Qxc5 Nxc5 34. Rc1 Rb5 35. a4 Ra5 36. Rc4 Kf8 37. Bc6 Ke7 38. Bb5 Kd6 39. Kf2 f6 40. Ke3 e5 41. g5 Kd5 42. gxf6 gxf6 43. fxe5 fxe5 44. Rh4 Ke6 45. Rxh7 Nxa4 46. Ke4 1/2-1/2

[Event "Xtracon Open 2019"]
[Site "Helsingor"]
[Date "2019.07.27"]
[Round "9.18"]
[White "Gandrud, Vegar Koi"]
[Black "Schrodt, Sebastian"]
[Result "1-0"]
[WhiteElo "2351"]
[BlackElo "2002"]
[Annotator "NA"]
[PlyCount "63"]
[EventDate "2019.07.19"]
[EventType "swiss"]
[EventCountry "DEN"]
[SourceTitle "playchess.com"]
[Source "ChessBase"]
[SourceQuality "1"]

1. d4 Nf6 2. c4 e6 3. Nf3 c5 4. d5 exd5 5. cxd5 d6 6. Nc3 g6 7. Bf4 Bg7 8. Qa4+ Bd7 9. Qb3 Qc7 10. e4 O-O 11. Nd2 Nh5 12. Be3 f5 13. exf5 Bxf5 14. Be2 Nf6 15. h3 Na6 16. a3 Rab8 17. O-O Qe7 18. Rfe1 Rfe8 19. Bf4 c4 20. Nxc4 Nc5 21. Qd1 Nfe4 22. Nxe4 Bxe4 23. Bxd6 Qg5 24. Bf3 Nd3 25. Rxe4 Rxe4 26. Qxd3 Rd4 27. Qe3 Qxe3 28. fxe3 Rd8 29. exd4 Bxd4+ 30. Kf1 b5 31. Be7 Rd7 32. d6 1-0

[Event "Xtracon Open 2019"]
[Site "Helsingor"]
[Date "2019.07.27"]
[Round "9.18"]
[White "Rishovd, Svein"]
[Black "Jacobsen, Mikkel Manosri"]
[Result "1-0"]
[WhiteElo "2124"]
[BlackElo "2343"]
[Annotator "NA"]
[PlyCount "87"]
[EventDate "2019.07.19"]
[EventType "swiss"]
[EventCountry "DEN"]
[SourceTitle "playchess.com"]
[Source "ChessBase"]
[SourceQuality "1"]

1. d4 Nf6 2. c4 e6 3. Nf3 d5 4. g3 Bb4+ 5. Bd2 Be7 6. Bg2 O-O 7. O-O Nbd7 8. Qc2 c6 9. Bf4 Ne4 10. Nc3 g5 11. Bc1 f5 12. b3 Rb8 13. Bb2 b6 14. Rfd1 Bb7 15. Ne1 Qe8 16. Nd3 Qh5 17. e3 Nef6 18. Qe2 Qg6 19. Rac1 h5 20. Ne5 Qh6 21. Nxd7 Nxd7 22. cxd5 exd5 23. Rc2 Bd6 24. Nb1 Rbe8 25. Rdc1 Bb8 26. Qd3 Rf7 27. Nd2 g4 28. b4 a6 29. a4 h4 30. b5 hxg3 31. hxg3 cxb5 32. axb5 Bxg3 33. Nf1 Bb8 34. bxa6 Ba8 35. Rc8 Qf8 36. Rxe8 Qxe8 37. Qb5 Qe6 38. a7 Bb7 39. Rc8+ Rf8 40. Rxf8+ Kxf8 41. axb8=Q+ Nxb8 42. Ba3+ Kf7 43. Qb4 Nd7 44. Ng3 1-0

[Event "Xtracon Open 2019"]
[Site "Helsingor"]
[Date "2019.07.27"]
[Round "9.18"]
[White "Heier, Odin Nikolai"]
[Black "Christiansen, Jens Jorgen"]
[Result "0-1"]
[WhiteElo "1863"]
[BlackElo "2053"]
[Annotator "NA"]
[PlyCount "108"]
[EventDate "2019.07.19"]
[EventType "swiss"]
[EventCountry "DEN"]
[SourceTitle "playchess.com"]
[Source "ChessBase"]
[SourceQuality "1"]

1. d4 d5 2. Bf4 Nf6 3. e3 c5 4. c3 Qb6 5. Qb3 Nc6 6. Nd2 c4 7. Qc2 Nh5 8. Bg5 h6 9. Bh4 g5 10. Bg3 Nxg3 11. hxg3 e5 12. e4 Be6 13. exd5 Bxd5 14. Bxc4 O-O-O 15. Ngf3 Bxf3 16. Nxf3 exd4 17. O-O-O Bg7 18. cxd4 Bxd4 19. Nxd4 Nxd4 20. Qc3 Kb8 21. Kb1 f5 22. Rhe1 Nc6 23. Rd2 Qc5 24. Red1 Rxd2 25. Qxh8+ Kc7 26. Rxd2 Qxc4 27. Qh7+ Kb6 28. Rd1 Qe4+ 29. Ka1 Qe2 30. Rc1 Qd2 31. Rh1 Qxf2 32. Qxh6 Qxg2 33. Qh2 Qxh2 34. Rxh2 Nd4 35. Kb1 Kc5 36. Kc1 Kd5 37. Kd1 Ke4 38. g4 f4 39. Rh7 Kf3 40. Rxb7 Kxg4 41. Rxa7 f3 42. Ra4 f2 43. Rxd4+ Kf3 44. Rd3+ Kg2 45. Rd2 Kg1 46. Kc2 f1=Q 47. Rd1 Qxd1+ 48. Kxd1 Kf2 49. a4 g4 50. a5 g3 51. a6 g2 52. a7 g1=Q+ 53. Kc2 Qg2 54. a8=Q Qxa8 0-1

[Event "Xtracon Open 2019"]
[Site "Helsingor"]
[Date "2019.07.27"]
[Round "9.19"]
[White "Tryggestad, Andreas Garberg"]
[Black "Bratholm, Palle"]
[Result "1-0"]
[WhiteElo "2336"]
[BlackElo "2052"]
[Annotator "NA"]
[PlyCount "41"]
[EventDate "2019.07.19"]
[EventType "swiss"]
[EventCountry "DEN"]
[SourceTitle "playchess.com"]
[Source "ChessBase"]
[SourceQuality "1"]

1. d4 d5 2. c4 e6 3. Nf3 c5 4. cxd5 exd5 5. g3 Nc6 6. Bg2 Nf6 7. O-O Bg4 8. dxc5 Bxc5 9. Bg5 Be7 10. Nc3 Be6 11. Nb5 O-O 12. Nbd4 h6 13. Nxe6 fxe6 14. Be3 e5 15. Qb3 Na5 16. Qc2 Ng4 17. Bd2 Nc6 18. Qg6 e4 19. Qxg4 exf3 20. Bxf3 Ne5 21. Qe6+ 1-0

[Event "Xtracon Open 2019"]
[Site "Helsingor"]
[Date "2019.07.27"]
[Round "9.20"]
[White "Rostgaard, Tobias Valentin"]
[Black "Christensen, Lasse"]
[Result "1/2-1/2"]
[WhiteElo "2390"]
[BlackElo "2158"]
[Annotator "NA"]
[PlyCount "99"]
[EventDate "2019.07.19"]
[EventType "swiss"]
[EventCountry "DEN"]
[SourceTitle "playchess.com"]
[Source "ChessBase"]
[SourceQuality "1"]

1. e4 c6 2. d4 d5 3. exd5 cxd5 4. c4 Nf6 5. Nc3 Nc6 6. Nf3 g6 7. cxd5 Nxd5 8. Qb3 Nxc3 9. bxc3 Bg7 10. Be2 O-O 11. Bf4 b6 12. O-O Bb7 13. Rfd1 e6 14. Rac1 h6 15. c4 Ne7 16. Ne5 f6 17. Nf3 g5 18. Be3 g4 19. Ne1 f5 20. Nd3 Ng6 21. Nf4 Nxf4 22. Bxf4 Rc8 23. h3 h5 24. Qe3 Qe8 25. Bf1 Qf7 26. Kh2 Kh7 27. f3 gxf3 28. gxf3 Rg8 29. Bd3 Rcd8 30. d5 Rde8 31. d6 e5 32. Bg3 Bh6 33. Qf2 Bxc1 34. Rxc1 e4 35. fxe4 Bxe4 36. Bf1 Rg6 37. Re1 Bc6 38. Rxe8 Bxe8 39. Bd3 Bd7 40. Qf3 Rg8 41. Bf2 Rf8 42. Bd4 Qg6 43. Be5 Rg8 44. Qf2 Re8 45. Bg3 Rf8 46. h4 Qg4 47. Bf4 Re8 48. Bd2 Re4 49. Bxe4 Qxe4 50. Qf4 1/2-1/2

[Event "Xtracon Open 2019"]
[Site "Helsingor"]
[Date "2019.07.27"]
[Round "9.21"]
[White "Solberg, Joachim"]
[Black "Sonis, Francesco"]
[Result "1/2-1/2"]
[WhiteElo "2181"]
[BlackElo "2498"]
[Annotator "ChessBase"]
[PlyCount "96"]
[EventDate "2019.07.19"]
[EventType "swiss"]
[EventCountry "DEN"]
[SourceTitle "playchess.com"]
[Source "ChessBase"]
[SourceQuality "1"]

1. e4 c5 2. Nf3 d6 3. Nc3 a6 4. d4 cxd4 5. Nxd4 Nf6 6. f4 e5 7. Nf3 Nbd7 8. a4 Qc7 9. Bd3 b6 10. O-O Bb7 11. Qe1 Be7 12. Kh1 O-O 13. fxe5 Nxe5 14. Nxe5 dxe5 15. Qg3 Nh5 16. Qg4 g6 17. Bh6 Ng7 18. Qe2 Rfc8 19. Rf2 Bc5 20. Rf3 Ne6 21. Bc4 Bf8 22. Bxe6 fxe6 23. Bxf8 Rxf8 24. Raf1 Qc5 25. Rxf8+ Rxf8 26. Rxf8+ Kxf8 27. Qf3+ Kg7 28. h3 Qd4 29. Qg4 Qd6 30. Qg3 Bc6 31. Qe3 Be8 32. Kg1 b5 33. axb5 axb5 34. Kf2 b4 35. Ne2 Bb5 36. Qa7+ Kf6 37. Ke1 Qc6 38. Qf2+ Ke7 39. Qa7+ Kf6 40. Qf2+ Kg7 41. Qa7+ Kg8 42. Qb8+ Kf7 43. Qa7+ Ke8 44. Qb8+ Kf7 45. Qa7+ Ke8 46. Qb8+ Kf7 47. Qa7+ Ke8 48. Qb8+ Kf7 1/2-1/2

[Event "Xtracon Open 2019"]
[Site "Helsingor"]
[Date "2019.07.27"]
[Round "9.22"]
[White "Fantinel, Thibault"]
[Black "Holm, Ragnar"]
[Result "1-0"]
[WhiteElo "2374"]
[BlackElo "2142"]
[Annotator "NA"]
[PlyCount "69"]
[EventDate "2019.07.19"]
[EventType "swiss"]
[EventCountry "DEN"]
[SourceTitle "playchess.com"]
[Source "ChessBase"]
[SourceQuality "1"]

1. e4 c5 2. Nf3 g6 3. d4 cxd4 4. Qxd4 Nf6 5. e5 Nc6 6. Qa4 Nd5 7. Qb3 Nc7 8. Nc3 Bg7 9. Bf4 Ne6 10. Bg3 O-O 11. O-O-O a6 12. Nd5 b5 13. Kb1 Rb8 14. Qe3 Na5 15. h4 Bb7 16. h5 Bxd5 17. Rxd5 Qc7 18. hxg6 hxg6 19. Qe4 Nc4 20. Rd1 Rfe8 21. Qh4 Rbc8 22. Bxc4 bxc4 23. Nd4 c3 24. Nxe6 dxe6 25. b3 Qa5 26. Bf4 g5 27. Qxg5 Red8 28. Qxe7 Rd5 29. Qh4 Rcd8 30. Rxd5 Qxd5 31. Qh7+ Kf8 32. Bh6 Bxh6 33. Qxh6+ Ke8 34. a4 a5 35. Qf6 1-0

[Event "Xtracon Open 2019"]
[Site "Helsingor"]
[Date "2019.07.27"]
[Round "9.23"]
[White "Nilssen, Ellen Fredericia"]
[Black "Malmstig, Erik"]
[Result "0-1"]
[WhiteElo "2155"]
[BlackElo "2357"]
[Annotator "NA"]
[PlyCount "54"]
[EventDate "2019.07.19"]
[EventType "swiss"]
[EventCountry "DEN"]
[SourceTitle "playchess.com"]
[Source "ChessBase"]
[SourceQuality "1"]

1. Nf3 c5 2. c4 Nc6 3. Nc3 Nf6 4. e3 d6 5. Be2 g6 6. b3 Bg7 7. Bb2 O-O 8. O-O a6 9. a3 e5 10. d4 e4 11. Ne1 Bf5 12. g4 cxd4 13. exd4 Bd7 14. d5 Ne5 15. g5 Nfg4 16. h3 Ne3 17. fxe3 Qxg5+ 18. Ng2 Bxh3 19. Rf2 Bxg2 20. Rxg2 Qxe3+ 21. Rf2 f5 22. Qc1 Qg3+ 23. Rg2 Nf3+ 24. Kf1 Qh3 25. Na4 Nh4 26. Qg5 Bxb2 27. Nxb2 f4 0-1

[Event "Xtracon Open 2019"]
[Site "Helsingor"]
[Date "2019.07.27"]
[Round "9.24"]
[White "Gallagher, Daniel GH"]
[Black "Haubro, Martin"]
[Result "0-1"]
[WhiteElo "2153"]
[BlackElo "2356"]
[Annotator "NA"]
[PlyCount "50"]
[EventDate "2019.07.19"]
[EventType "swiss"]
[EventCountry "DEN"]
[SourceTitle "playchess.com"]
[Source "ChessBase"]
[SourceQuality "1"]

1. e4 e6 2. d4 d5 3. Nd2 c5 4. Ngf3 Nc6 5. c3 cxd4 6. cxd4 dxe4 7. Nxe4 Bb4+ 8. Nc3 Nf6 9. Bd3 O-O 10. O-O Be7 11. a3 b6 12. Re1 Bb7 13. Bc2 Qc7 14. Qd3 g6 15. Bb3 Rfd8 16. Bg5 Ng4 17. Nb5 Qd7 18. Rxe6 fxe6 19. Re1 Kh8 20. Bxe6 Nge5 21. Qb3 Qe8 22. Nxe5 Nxe5 23. Bxe7 Qxe7 24. Rxe5 a6 25. Bc8 Raxc8 0-1

[Event "Xtracon Open 2019"]
[Site "Helsingor"]
[Date "2019.07.28"]
[Round "10.2"]
[White "Gong, Patrick"]
[Black "Le Besq, Alexander"]
[Result "1/2-1/2"]
[WhiteElo "2336"]
[BlackElo "2149"]
[Annotator "TA"]
[PlyCount "102"]
[EventDate "2019.07.19"]
[EventType "swiss"]
[EventCountry "DEN"]
[SourceTitle "playchess.com"]
[Source "ChessBase"]
[SourceQuality "1"]

1. g3 g6 2. Bg2 Bg7 3. d3 d5 4. Nf3 Nf6 5. O-O O-O 6. Nbd2 c5 7. e4 Nc6 8. c3 e6 9. a4 Bd7 10. Rb1 a5 11. b3 Qc7 12. Qe2 Rfc8 13. Ne1 Rab8 14. Ba3 Na7 15. c4 dxe4 16. dxe4 e5 17. Nd3 b6 18. f4 Nc6 19. Bb2 Nd4 20. Bxd4 exd4 21. h3 Bc6 22. e5 Bxg2 23. Qxg2 Ne8 24. Rbe1 Qb7 25. Nf3 f6 26. g4 fxe5 27. Nfxe5 Qxg2+ 28. Kxg2 Bxe5 29. Rxe5 Ng7 30. Kf3 Re8 31. Rfe1 Kf8 32. h4 Rxe5 33. Nxe5 Rd8 34. Ke4 Ne8 35. Kd3 Nd6 36. Rh1 Nf7 37. Rf1 Rd6 38. Ke4 Rd8 39. Kd3 Rd6 40. Ke4 Rd8 41. Kd3 Kg7 42. Ke4 Nxe5 43. fxe5 d3 44. g5 d2 45. Rd1 Kf7 46. Ke3 Ke6 47. Rxd2 Rxd2 48. Kxd2 Kf5 49. Kd3 Kxe5 50. Ke3 Kf5 51. Kf3 Ke5 1/2-1/2

[Event "Xtracon Open 2019"]
[Site "Helsingor"]
[Date "2019.07.28"]
[Round "10.3"]
[White "Van den Bersselaar, Jeroen"]
[Black "Vestby-Ellingsen, Mads"]
[Result "1-0"]
[WhiteElo "2161"]
[BlackElo "2335"]
[Annotator "TA"]
[PlyCount "107"]
[EventDate "2019.07.19"]
[EventType "swiss"]
[EventCountry "DEN"]
[SourceTitle "playchess.com"]
[Source "ChessBase"]
[SourceQuality "1"]

1. Nf3 c5 2. c4 Nc6 3. b3 e5 4. Nc3 g6 5. Bb2 Bg7 6. g3 d6 7. Bg2 f5 8. d3 Nf6 9. Nd5 O-O 10. O-O Nxd5 11. cxd5 Ne7 12. Nd2 g5 13. e3 Ng6 14. f4 exf4 15. Bxg7 Kxg7 16. gxf4 gxf4 17. exf4 Qf6 18. Kh1 Bd7 19. Qf3 Rae8 20. Nc4 b5 21. Na5 Qd4 22. Nb7 Re3 23. Qf2 Rf6 24. Rad1 Rxd3 25. Qxd4 Rxd4 26. Rxd4 cxd4 27. Rf2 d3 28. Bf1 d2 29. Rxd2 Nxf4 30. Kg1 Ng6 31. Rc2 Ne5 32. Rc7 Kh6 33. Nd8 f4 34. Nc6 Rg6+ 35. Kf2 Bf5 36. Ne7 Be4 37. Nxg6 hxg6 38. Bxb5 Bxd5 39. Rxa7 Be4 40. h3 Kg5 41. Re7 Kf6 42. Re8 d5 43. a4 d4 44. Rd8 d3 45. Rd4 Kf5 46. Bd7+ Nxd7 47. Rxd7 Ke6 48. Rd8 Bd5 49. a5 d2 50. Ke2 Bxb3 51. Kxd2 Bc4 52. Ke1 g5 53. Rc8 Bb5 54. a6 1-0

[Event "Xtracon Open 2019"]
[Site "Helsingor"]
[Date "2019.07.28"]
[Round "10.5"]
[White "Moiseenko, Alexander"]
[Black "Kollars, Dmitrij"]
[Result "1/2-1/2"]
[WhiteElo "2628"]
[BlackElo "2581"]
[Annotator "TA"]
[PlyCount "95"]
[EventDate "2019.07.19"]
[EventType "swiss"]
[EventCountry "DEN"]
[SourceTitle "playchess.com"]
[Source "ChessBase"]
[SourceQuality "1"]

1. d4 d5 2. c4 c6 3. Nc3 Nf6 4. e3 e6 5. Nf3 Nbd7 6. Bd3 dxc4 7. Bxc4 b5 8. Bd3 Bb7 9. a3 Bd6 10. O-O O-O 11. Qc2 h6 12. e4 e5 13. dxe5 Nxe5 14. Nxe5 Bxe5 15. h3 Qe7 16. Be3 c5 17. Nxb5 Nxe4 18. f3 Ng3 19. Bxc5 Qg5 20. Bxf8 Nxf1 21. Bd6 Ne3 22. Qd2 Bxd6 23. Nxd6 Bxf3 24. Be4 Bxg2 25. Bxg2 Rd8 26. Re1 Qxg2+ 27. Qxg2 Nxg2 28. Re8+ Rxe8 29. Nxe8 Nf4 30. Kh2 a5 31. b4 axb4 32. axb4 Nd5 33. b5 Kf8 34. Nd6 Nb6 35. Nf5 h5 36. Kg3 g6 37. Ne3 Ke7 38. Kf4 f6 39. Ke4 Ke6 40. h4 Na4 41. Kf3 Ke5 42. Nc4+ Kd5 43. Ne3+ Kd6 44. Ng2 Nc3 45. Nf4 g5 46. Nxh5 Nxb5 47. Nxf6 gxh4 48. Ke4 1/2-1/2

[Event "Xtracon Open 2019"]
[Site "Helsingor"]
[Date "2019.07.28"]
[Round "10.5"]
[White "Shehzad, Shazil"]
[Black "Ashwin, Hariharan"]
[Result "1-0"]
[WhiteElo "2088"]
[BlackElo "1881"]
[Annotator "NA"]
[PlyCount "81"]
[EventDate "2019.07.19"]
[EventType "swiss"]
[EventCountry "DEN"]
[SourceTitle "playchess.com"]
[Source "ChessBase"]
[SourceQuality "1"]

1. e4 c5 2. Nf3 Nc6 3. Bb5 g6 4. O-O Bg7 5. Re1 Nf6 6. e5 Nd5 7. Nc3 Nc7 8. Bxc6 dxc6 9. Ne4 Ne6 10. d3 O-O 11. Be3 b6 12. Qd2 Nd4 13. Nxd4 cxd4 14. Bh6 c5 15. Qf4 Bb7 16. h4 Qd5 17. Bxg7 Kxg7 18. f3 c4 19. h5 cxd3 20. cxd3 Ba6 21. Rad1 Rac8 22. Rd2 Qxa2 23. Qh4 Rc7 24. Kf2 h6 25. f4 Qe6 26. g4 Bc8 27. Kg3 g5 28. fxg5 Qxe5+ 29. Kh3 hxg5 30. Nxg5 Qf6 31. Rf2 Qh6 32. Kh2 f6 33. Ne4 Rh8 34. Rg1 Bb7 35. g5 Qxh5 36. gxf6+ Kf7 37. fxe7+ Ke6 38. Rf6+ Kxe7 39. Rg7+ Ke8 40. Nd6+ Kd8 41. Ne4 1-0

[Event "Xtracon Open 2019"]
[Site "Helsingor"]
[Date "2019.07.28"]
[Round "10.6"]
[White "Hauge, Lars Oskar"]
[Black "Tryggestad, Andreas Garberg"]
[Result "1-0"]
[WhiteElo "2476"]
[BlackElo "2336"]
[Annotator "ChessBase"]
[PlyCount "55"]
[EventDate "2019.07.19"]
[EventType "swiss"]
[EventCountry "DEN"]
[SourceTitle "playchess.com"]
[Source "ChessBase"]
[SourceQuality "1"]

1. e4 c5 2. Nf3 e6 3. Nc3 Nc6 4. d4 cxd4 5. Nxd4 Qc7 6. Be3 Nf6 7. f4 Bb4 8. Ndb5 Qb8 9. a3 Bxc3+ 10. Nxc3 d6 11. g4 d5 12. exd5 exd5 13. Nxd5 Nxd5 14. Qxd5 O-O 15. Bd3 Re8 16. Kd2 Be6 17. Qh5 g6 18. Qg5 Qd6 19. Rad1 Nd4 20. Kc1 Bd5 21. Bxd4 Bxh1 22. Be5 Qc6 23. Bc3 Be4 24. Bc4 Qxc4 25. Qf6 Kf8 26. Qg7+ Ke7 27. Bb4+ Ke6 28. Qe5# 1-0

[Event "Xtracon Open 2019"]
[Site "Helsingor"]
[Date "2019.07.28"]
[Round "10.7"]
[White "Fossan, Aleksander"]
[Black "Knudsen, Ole"]
[Result "1-0"]
[WhiteElo "2155"]
[BlackElo "1969"]
[Annotator "TA"]
[PlyCount "83"]
[EventDate "2019.07.19"]
[EventType "swiss"]
[EventCountry "DEN"]
[SourceTitle "playchess.com"]
[Source "ChessBase"]
[SourceQuality "1"]

1. e4 d5 2. exd5 Nf6 3. d4 Bg4 4. f3 Bf5 5. Bb5+ Nbd7 6. c4 a6 7. Bxd7+ Qxd7 8. Ne2 e6 9. dxe6 Qxe6 10. c5 Rd8 11. Qa4+ Qc6 12. Qxc6+ bxc6 13. Nbc3 Be7 14. Bf4 Kd7 15. Kf2 Nd5 16. Nxd5 cxd5 17. h4 h5 18. c6+ Kc8 19. Rac1 Bd3 20. Rc3 Bxe2 21. Kxe2 Bd6 22. Be3 Rhe8 23. Kd3 Re6 24. Bd2 Bb4 25. Rcc1 Bxd2 26. Kxd2 Rdd6 27. Rc5 Rg6 28. Rg1 Rg3 29. Ke3 Rgg6 30. Kd3 Rg3 31. b3 f5 32. Ke3 Rgg6 33. Kf4 Rgf6 34. Rgc1 g6 35. a4 Kb8 36. b4 Rfe6 37. b5 a5 38. Rb1 Ka8 39. b6 Rxc6 40. bxc7 Rxc5 41. Rb8+ Ka7 42. dxc5 1-0

[Event "Xtracon Open 2019"]
[Site "Helsingor"]
[Date "2019.07.28"]
[Round "10.8"]
[White "Lysyj, Igor"]
[Black "Bharath Subramaniyam H"]
[Result "0-1"]
[WhiteElo "2623"]
[BlackElo "2405"]
[Annotator "TA"]
[PlyCount "84"]
[EventDate "2019.07.19"]
[EventType "swiss"]
[EventCountry "DEN"]
[SourceTitle "playchess.com"]
[Source "ChessBase"]
[SourceQuality "1"]

1. d4 Nf6 2. c4 e6 3. Nf3 c5 4. d5 exd5 5. cxd5 d6 6. Nc3 g6 7. Bf4 a6 8. a4 Qe7 9. h3 Nbd7 10. Nd2 Ne5 11. e3 Bg7 12. Be2 O-O 13. O-O Rb8 14. a5 Ne8 15. Qb3 Nc7 16. Bh2 Bd7 17. Rae1 f5 18. f4 Nf7 19. e4 Na8 20. exf5 Qe3+ 21. Kh1 Qxd2 22. fxg6 hxg6 23. Rd1 Qe3 24. Bd3 Bf5 25. Bxf5 gxf5 26. Qc2 Rbe8 27. Qxf5 Ne5 28. Qb1 Nc4 29. Rfe1 Qf2 30. Ne4 Qxb2 31. Qd3 Qd4 32. Qb1 Na3 33. Qc1 Qc4 34. Nxd6 Qxc1 35. Rxc1 Rxe1+ 36. Rxe1 c4 37. Nxb7 Rb8 38. Nc5 c3 39. d6 c2 40. d7 Bf6 41. Nd3 Kf7 42. f5 Rb1 0-1

[Event "Xtracon Open 2019"]
[Site "Helsingor"]
[Date "2019.07.28"]
[Round "10.8"]
[White "Tomilova, Elena"]
[Black "Jepsen, Thomas Tange"]
[Result "1-0"]
[WhiteElo "2281"]
[BlackElo "2069"]
[Annotator "TA"]
[PlyCount "93"]
[EventDate "2019.07.19"]
[EventType "swiss"]
[EventCountry "DEN"]
[SourceTitle "playchess.com"]
[Source "ChessBase"]
[SourceQuality "1"]

1. c4 c6 2. d4 d5 3. cxd5 cxd5 4. Bg5 Nf6 5. Bxf6 exf6 6. Nc3 Nc6 7. e3 Be6 8. g3 Qb6 9. Qb3 Qxb3 10. axb3 Bb4 11. Nge2 O-O 12. Bg2 Rfd8 13. O-O Na5 14. Ra4 Bxc3 15. bxc3 b6 16. Rb1 Bf5 17. Rb2 Rac8 18. b4 Nc4 19. Rba2 a5 20. bxa5 bxa5 21. Nf4 Bd7 22. Nxd5 Bxa4 23. Rxa4 Kf8 24. e4 Rc6 25. Bf1 Nd2 26. Bb5 Re6 27. Rxa5 Rxe4 28. Ne3 g6 29. Bc6 Re7 30. d5 Nf3+ 31. Kg2 Ne5 32. Bb5 Rc7 33. c4 h5 34. h3 Nd3 35. Ra6 Nc5 36. Rxf6 Ne4 37. Ra6 Nd6 38. Bc6 Rdc8 39. Kf3 f5 40. Rb6 Ke7 41. c5 Rxc6 42. dxc6 Ne4 43. Nd5+ Ke6 44. Nf4+ Ke5 45. Nxg6+ Kf6 46. c7+ Kg7 47. Rc6 1-0

[Event "Xtracon Open 2019"]
[Site "Helsingor"]
[Date "2019.07.28"]
[Round "10.10"]
[White "Keinanen, Toivo"]
[Black "Vocaturo, Daniele"]
[Result "0-1"]
[WhiteElo "2386"]
[BlackElo "2612"]
[Annotator "TA"]
[PlyCount "32"]
[EventDate "2019.07.19"]
[EventType "swiss"]
[EventCountry "DEN"]
[SourceTitle "playchess.com"]
[Source "ChessBase"]
[SourceQuality "1"]

1. c4 c5 2. g3 g6 3. Bg2 Bg7 4. Nc3 Nc6 5. b3 e5 6. Bb2 Nge7 7. e3 d6 8. Nge2 h5 9. h3 Be6 10. d3 d5 11. O-O O-O 12. cxd5 Nxd5 13. Na4 b6 14. d4 cxd4 15. exd4 e4 16. Qc2 Rc8 0-1

[Event "Xtracon Open 2019"]
[Site "Helsingor"]
[Date "2019.07.28"]
[Round "10.11"]
[White "Buchal, Stephan"]
[Black "Machlik, Monika"]
[Result "0-1"]
[WhiteElo "2260"]
[BlackElo "2083"]
[Annotator "TA"]
[PlyCount "72"]
[EventDate "2019.07.19"]
[EventType "swiss"]
[EventCountry "DEN"]
[SourceTitle "playchess.com"]
[Source "ChessBase"]
[SourceQuality "1"]

1. c4 e5 2. g3 Nf6 3. Bg2 d5 4. cxd5 Nxd5 5. Nf3 Nc6 6. O-O Nb6 7. a3 Be7 8. d3 O-O 9. b4 Re8 10. Nbd2 Nd4 11. Bb2 Nxf3+ 12. Nxf3 Bd6 13. e4 Bg4 14. Rc1 Rc8 15. d4 Bxf3 16. Qxf3 exd4 17. Bxd4 Be5 18. Bxe5 Rxe5 19. Qc3 Re7 20. e5 c6 21. f4 Qe8 22. Rfe1 Rd8 23. h4 Red7 24. Re3 Qe6 25. Re2 Rd3 26. Qe1 Qg4 27. Kh2 Rxg3 28. Qxg3 Qxe2 29. Re1 Qc2 30. Qg4 Qg6 31. Rd1 Rxd1 32. Qxd1 h6 33. Bh3 Qe4 34. Qd2 Nd5 35. Kg3 Kf8 36. Bg2 Qc4 0-1

[Event "Xtracon Open 2019"]
[Site "Helsingor"]
[Date "2019.07.28"]
[Round "10.11"]
[White "Magnussen, Pal"]
[Black "Jorgensen, Dennis"]
[Result "0-1"]
[WhiteElo "1985"]
[BlackElo "2140"]
[Annotator "TA"]
[PlyCount "56"]
[EventDate "2019.07.19"]
[EventType "swiss"]
[EventCountry "DEN"]
[SourceTitle "playchess.com"]
[Source "ChessBase"]
[SourceQuality "1"]

1. e4 g6 2. d4 Bg7 3. Nf3 c6 4. Nc3 d5 5. Be3 dxe4 6. Nxe4 Nd7 7. Qd2 Nb6 8. Be2 Qd5 9. Nc3 Qe6 10. O-O Nf6 11. Rfe1 Nc4 12. Bxc4 Qxc4 13. Bh6 Bxh6 14. Qxh6 Be6 15. Ne5 Qb4 16. Qe3 Rd8 17. Rad1 O-O 18. Ne4 Nxe4 19. Qxe4 Rd6 20. c3 Qxb2 21. Re3 Qxa2 22. Rg3 Bd5 23. Qd3 Bb3 24. Re1 Qc2 25. Qe3 f6 26. Nxg6 hxg6 27. Qh6 Re6 28. Rc1 g5 0-1

[Event "Xtracon Open 2019"]
[Site "Helsingor"]
[Date "2019.07.28"]
[Round "10.13"]
[White "Guindy, Esmat Susanne"]
[Black "Skovgaard, Tom"]
[Result "1/2-1/2"]
[WhiteElo "2132"]
[BlackElo "1954"]
[Annotator "TA"]
[PlyCount "128"]
[EventDate "2019.07.19"]
[EventType "swiss"]
[EventCountry "DEN"]
[SourceTitle "playchess.com"]
[Source "ChessBase"]
[SourceQuality "1"]

1. Nf3 d5 2. d4 Nf6 3. c4 e6 4. Nc3 Be7 5. Bg5 Nbd7 6. e3 h6 7. Bh4 O-O 8. Qc2 c5 9. cxd5 Nxd5 10. Bxe7 Qxe7 11. Nxd5 exd5 12. dxc5 Nxc5 13. Be2 Bg4 14. Nd4 Bxe2 15. Qxe2 Ne6 16. Qd2 Qc5 17. Rd1 Nxd4 18. Qxd4 Qa5+ 19. b4 Qxa2 20. O-O a5 21. Ra1 Qc4 22. bxa5 Rfc8 23. Qb6 Rc5 24. Qxb7 Raxa5 25. Rxa5 Rxa5 26. Qb8+ Kh7 27. Qb7 Kg8 28. Qe7 Qc8 29. h3 Rc5 30. Qe5 Qe6 31. Qb8+ Rc8 32. Qb3 Qf5 33. Rd1 Rc2 34. Qb8+ Kh7 35. Qg3 g6 36. Rd4 Rc1+ 37. Kh2 Rc4 38. Rd2 Kg7 39. Qd6 h5 40. Qxd5 Qxd5 41. Rxd5 Rc2 42. Kg3 Rc4 43. Rd4 Rc2 44. Kf3 Rb2 45. Rd3 Rb4 46. Kg3 Ra4 47. Rd5 Rb4 48. f4 f5 49. Kf3 Kf6 50. Rd6+ Kf7 51. g4 hxg4+ 52. hxg4 Ra4 53. Rb6 Ra7 54. Kg3 Re7 55. gxf5 gxf5 56. Kh4 Rxe3 57. Kg5 Ra3 58. Kxf5 Ra5+ 59. Kg4 Rc5 60. Rb7+ Kf6 61. Rb6+ Kf7 62. f5 Rc1 63. Rb7+ Kf6 64. Rb6+ Ke5 1/2-1/2